000 00564nam a2200181Ia 4500
003 IN-BaIIA
008 211028s9999 xx 000 0 eng d
020 _a978-0-470-50544-1
040 _cIIA Library
080 _a523.482
_bBOY
100 _aBoyle, Alan
_933478
245 4 _aThe case for Pluto: how a little planet made a big difference
_cAlan Boyle
260 _aNew Jersey
_bJohn Wiley & Sons
_c2010
300 _axii, 258p.
650 _aPluto(Dwarf planet)
_933479
650 _aSolar system
942 _cBK
999 _c17672
_d17672